<?xml version="1.0" encoding="UTF-8"?>
<record
    xmlns:xsi="http://www.w3.org/2001/XMLSchema-instance"
    xsi:schemaLocation="http://www.loc.gov/MARC21/slim http://www.loc.gov/standards/marcxml/schema/MARC21slim.xsd"
    xmlns="http://www.loc.gov/MARC21/slim">

  <leader>00807nam a2200265Ia 4500</leader>
  <datafield tag="999" ind1=" " ind2=" ">
    <subfield code="c">51309</subfield>
    <subfield code="d">51309</subfield>
  </datafield>
  <controlfield tag="001">18278</controlfield>
  <controlfield tag="003">GE_BSU</controlfield>
  <controlfield tag="005">20230328105927.0</controlfield>
  <controlfield tag="008">181216s2008||||fr |||||||||||||| ||fre||</controlfield>
  <datafield tag="020" ind1=" " ind2=" ">
    <subfield code="a">9782090353075</subfield>
  </datafield>
  <datafield tag="040" ind1=" " ind2=" ">
    <subfield code="c">GE_BSU</subfield>
  </datafield>
  <datafield tag="041" ind1=" " ind2=" ">
    <subfield code="a">fre</subfield>
  </datafield>
  <datafield tag="080" ind1=" " ind2=" ">
    <subfield code="a">811.133.1(076) I-33</subfield>
  </datafield>
  <datafield tag="245" ind1=" " ind2=" ">
    <subfield code="a">ICI 2. Fichier "Decouvertes" A2 :</subfield>
    <subfield code="b">(fiches detachables) /</subfield>
    <subfield code="c">D. Abry, Y.Daas,C.Fert... ; Edition Virginie Poitrasson.</subfield>
  </datafield>
  <datafield tag="264" ind1=" " ind2=" ">
    <subfield code="a">Paris :</subfield>
    <subfield code="b">CLE International,</subfield>
    <subfield code="c">2008.</subfield>
  </datafield>
  <datafield tag="300" ind1=" " ind2=" ">
    <subfield code="a">47p. :</subfield>
    <subfield code="b"> ill ;</subfield>
    <subfield code="c">30cm.</subfield>
  </datafield>
  <datafield tag="541" ind1=" " ind2=" ">
    <subfield code="h">41 Gel.</subfield>
  </datafield>
  <datafield tag="653" ind1=" " ind2=" ">
    <subfield code="a">ICI 2. Cahier d'exercices A2</subfield>
  </datafield>
  <datafield tag="653" ind1=" " ind2=" ">
    <subfield code="a">&#x10E4;&#x10E0;&#x10D0;&#x10DC;&#x10D2;&#x10E3;&#x10DA;&#x10D8; &#x10D4;&#x10DC;&#x10D0;</subfield>
  </datafield>
  <datafield tag="700" ind1=" " ind2=" ">
    <subfield code="a">Abry,D.</subfield>
    <subfield code="e">by</subfield>
    <subfield code="9">17271</subfield>
  </datafield>
  <datafield tag="700" ind1=" " ind2=" ">
    <subfield code="a">Daas,Y.</subfield>
    <subfield code="e">by</subfield>
    <subfield code="9">12726</subfield>
  </datafield>
  <datafield tag="700" ind1=" " ind2=" ">
    <subfield code="a">Fert,C.</subfield>
    <subfield code="e">by</subfield>
    <subfield code="9">17272</subfield>
  </datafield>
  <datafield tag="700" ind1=" " ind2=" ">
    <subfield code="a"> Poitrasson, Virginie</subfield>
    <subfield code="e">Edition</subfield>
    <subfield code="9">17294</subfield>
  </datafield>
  <datafield tag="942" ind1=" " ind2=" ">
    <subfield code="c">BK</subfield>
    <subfield code="2">udc</subfield>
  </datafield>
  <datafield tag="952" ind1=" " ind2=" ">
    <subfield code="0">0</subfield>
    <subfield code="1">0</subfield>
    <subfield code="2">udc</subfield>
    <subfield code="4">0</subfield>
    <subfield code="6">8111331076_I33</subfield>
    <subfield code="7">0</subfield>
    <subfield code="9">70659</subfield>
    <subfield code="a">CPL</subfield>
    <subfield code="b">CPL</subfield>
    <subfield code="c">GEN</subfield>
    <subfield code="d">2018-12-17</subfield>
    <subfield code="g">41.00</subfield>
    <subfield code="o">811.133.1(076) I-33</subfield>
    <subfield code="p">46536</subfield>
    <subfield code="r">2018-12-17</subfield>
    <subfield code="t">46536</subfield>
    <subfield code="w">2018-12-17</subfield>
    <subfield code="y">BK</subfield>
    <subfield code="z">41.00 GEL.</subfield>
  </datafield>
  <datafield tag="952" ind1=" " ind2=" ">
    <subfield code="0">0</subfield>
    <subfield code="1">0</subfield>
    <subfield code="2">udc</subfield>
    <subfield code="4">0</subfield>
    <subfield code="6">8111331076_I33</subfield>
    <subfield code="7">0</subfield>
    <subfield code="9">70660</subfield>
    <subfield code="a">CPL</subfield>
    <subfield code="b">CPL</subfield>
    <subfield code="c">GEN</subfield>
    <subfield code="d">2018-12-17</subfield>
    <subfield code="g">34.50</subfield>
    <subfield code="o">811.133.1(076) I-33</subfield>
    <subfield code="p">57652</subfield>
    <subfield code="r">2018-12-17</subfield>
    <subfield code="t">57652</subfield>
    <subfield code="w">2018-12-17</subfield>
    <subfield code="y">BK</subfield>
    <subfield code="z">34.50 GEL.</subfield>
  </datafield>
  <datafield tag="952" ind1=" " ind2=" ">
    <subfield code="0">0</subfield>
    <subfield code="1">0</subfield>
    <subfield code="2">udc</subfield>
    <subfield code="4">0</subfield>
    <subfield code="6">8111331076_I33</subfield>
    <subfield code="7">0</subfield>
    <subfield code="9">70661</subfield>
    <subfield code="a">CPL</subfield>
    <subfield code="b">CPL</subfield>
    <subfield code="c">GEN</subfield>
    <subfield code="d">2018-12-17</subfield>
    <subfield code="g">34.50</subfield>
    <subfield code="o">811.133.1(076) I-33</subfield>
    <subfield code="p">57653</subfield>
    <subfield code="r">2018-12-17</subfield>
    <subfield code="t">57653</subfield>
    <subfield code="w">2018-12-17</subfield>
    <subfield code="y">BK</subfield>
    <subfield code="z">34.50 GEL.</subfield>
  </datafield>
  <datafield tag="952" ind1=" " ind2=" ">
    <subfield code="0">0</subfield>
    <subfield code="1">0</subfield>
    <subfield code="2">udc</subfield>
    <subfield code="4">0</subfield>
    <subfield code="6">8111331076_I33</subfield>
    <subfield code="7">0</subfield>
    <subfield code="9">70662</subfield>
    <subfield code="a">CPL</subfield>
    <subfield code="b">CPL</subfield>
    <subfield code="c">GEN</subfield>
    <subfield code="d">2018-12-17</subfield>
    <subfield code="g">34.50</subfield>
    <subfield code="o">811.133.1(076) I-33</subfield>
    <subfield code="p">57836</subfield>
    <subfield code="r">2018-12-17</subfield>
    <subfield code="t">57836</subfield>
    <subfield code="w">2018-12-17</subfield>
    <subfield code="y">BK</subfield>
    <subfield code="z">34.50 GEL.</subfield>
  </datafield>
  <datafield tag="952" ind1=" " ind2=" ">
    <subfield code="0">0</subfield>
    <subfield code="1">0</subfield>
    <subfield code="2">udc</subfield>
    <subfield code="4">0</subfield>
    <subfield code="6">8111331076_I33</subfield>
    <subfield code="7">0</subfield>
    <subfield code="9">70663</subfield>
    <subfield code="a">CPL</subfield>
    <subfield code="b">CPL</subfield>
    <subfield code="c">GEN</subfield>
    <subfield code="d">2018-12-17</subfield>
    <subfield code="g">34.50</subfield>
    <subfield code="o">811.133.1(076) I-33</subfield>
    <subfield code="p">57834</subfield>
    <subfield code="r">2018-12-17</subfield>
    <subfield code="t">57834</subfield>
    <subfield code="w">2018-12-17</subfield>
    <subfield code="y">BK</subfield>
    <subfield code="z">34.50 GEL.</subfield>
  </datafield>
</record>
